[Event "Aegean op 46th"]
[Site "Aghios Kirykos"]
[Date "2023.07.13"]
[Round "6"]
[White "Malataras, Gerasimos"]
[Black "Sidiropoulos, Vasilis"]
[Result "1-0"]
[WhiteElo "1976"]
[BlackElo "1819"]
[PlyCount "73"]
[EventDate "2023.07.09"]
[EventType "swiss"]
[EventRounds "9"]
[EventCountry "GRE"]
[SourceTitle "CBM 215 Extra"]
[Source "ChessBase"]
[SourceDate "2023.09.30"]
[SourceVersion "1"]
[SourceVersionDate "2023.09.30"]
[SourceQuality "1"]

1. d4 f5 2. Nf3 Nf6 3. g3 g6 4. Bg2 Bg7 5. 0-0 0-0 6. c4 d6 7. Nc3 c6 8. Qc2 Na6 9. Rd1 Qc7 10. a3 e5 11. dxe5 dxe5 12. b4 Be6 13. c5 Rad8 14. Ng5 Bc8 15. Qa2+ Kh8 16. Rxd8 Qxd8 17. Nf7+ Rxf7 18. Qxf7 Nc7 19. Qb3 Be6 20. Qc2 Nfd5 21. Nxd5 Bxd5 22. e4 fxe4 23. Be3 Ne6 24. Bxe4 Nd4 25. Bxd4 exd4 26. Bxd5 d3 27. Qa2 cxd5 28. Rd1 Qg5 29. Rxd3 d4 30. Qf7 h5 31. Qxb7 Qc1+ 32. Kg2 h4 33. Qc8+ Kh7 34. Qg4 Bf6 35. gxh4 Qc4 36. Qe4 Kg7 37. Rg3 1-0

[Event "Aegean op 44th"]
[Site "Aghios Kirykos"]
[Date "2021.07.13"]
[Round "5"]
[White "Sidiropoulos, Vasilis"]
[Black "Krallis, Christos"]
[Result "0-1"]
[WhiteElo "1680"]
[BlackElo "2442"]
[PlyCount "142"]
[EventDate "2021.07.10"]
[EventType "swiss"]
[EventRounds "9"]
[EventCountry "GRE"]
[SourceTitle "CBM 203 Extra"]
[Source "ChessBase"]
[SourceDate "2021.09.30"]
[SourceVersion "1"]
[SourceVersionDate "2021.09.30"]
[SourceQuality "1"]

1. e4 d6 2. d4 e5 3. Nf3 exd4 4. Nxd4 Nf6 5. Nc3 Be7 6. f3 0-0 7. Be3 d5 8. e5 c5 9. exf6 Bxf6 10. Be2 Re8 11. Ne6 fxe6 12. Bxc5 Qa5 13. Bd6 Rd8 14. Bxb8 Bxc3+ 15. bxc3 Qxc3+ 16. Kf1 Rxb8 17. Bd3 e5 18. Qe1 Qd4 19. Rd1 Qf4 20. Qg3 Qf6 21. Re1 Re8 22. h4 Bf5 23. Qg5 Bxd3+ 24. cxd3 Rbc8 25. Qe3 Rc2 26. d4 Qa6+ 27. Kg1 Qxa2 28. Qg5 e4 29. Kh2 Qc4 30. fxe4 dxe4 31. Rhf1 Qc7+ 32. Kh1 Qd7 33. d5 Rc5 34. Qf4 Rcc8 35. d6 e3 36. Qd4 b6 37. Qd5+ Qe6 38. Qb7 Qxd6 39. Qxa7 Qb4 40. h5 e2 41. Qa2+ Qc4 42. Qxc4+ Rxc4 43. Rf2 Rh4+ 44. Kg1 Rxh5 45. Rexe2 Rxe2 46. Rxe2 Rf5 47. Re7 h5 48. Rb7 Rb5 49. Kh2 Rb3 50. Kg1 Kh7 51. Kh2 Kh6 52. Kg1 g6 53. Kh2 Kg5 54. Rb8 Kh4 55. Rg8 Kg5 56. Rb8 Kg4 57. Rg8 g5 58. Rg6 h4 59. Rc6 b5 60. Rd6 Rb4 61. Rb6 Kf4 62. Rf6+ Ke5 63. Rg6 Kf5 64. Rg8 Kf4 65. Rf8+ Ke3 66. Kh3 Rf4 67. Rd8 Rf5 68. Kg4 Rc5 69. Rd7 Ke4 70. Rd1 b4 71. Rd8 Rb5 0-1

[Event "GRE-chT 46th"]
[Site "Rio Achaia"]
[Date "2018.07.11"]
[Round "2.11"]
[White "Papakonstantinou, Dimitrios1111"]
[Black "Sidiropoulos, Vasilis"]
[Result "1-0"]
[WhiteElo "2028"]
[BlackElo "1310"]
[PlyCount "61"]
[EventDate "2018.07.10"]
[EventType "team"]
[EventRounds "7"]
[EventCountry "GRE"]
[SourceTitle "CBM 185 Extra"]
[Source "ChessBase"]
[SourceDate "2018.07.29"]
[SourceVersion "1"]
[SourceVersionDate "2018.07.29"]
[SourceQuality "1"]
[WhiteTeam "My Mountains"]
[BlackTeam "Panellinios GA"]
[WhiteTeamCountry "GRE"]
[BlackTeamCountry "GRE"]

1. Nf3 d5 2. g3 c5 3. Bg2 Nc6 4. 0-0 e6 5. c4 Nf6 6. b3 Bd6 7. Bb2 Qc7 8. e3 b6 9. cxd5 exd5 10. d4 Ba6 11. Re1 Nb4 12. Bf1 Bxf1 13. Rxf1 cxd4 14. Nxd4 Be5 15. Na3 Qe7 16. Nf5 Qc7 17. Nb5 Qb8 18. Ba3 a5 19. Rc1 Ne4 20. Bxb4 axb4 21. Qxd5 Nc3 22. Nxc3 bxc3 23. f4 Bf6 24. Nd6+ Kd8 25. Nxf7+ Ke7 26. Nxh8 Qxh8 27. Qb7+ Ke6 28. f5+ Kd6 29. Rfd1+ Kc5 30. Qc7+ Kb5 31. Qc4+ 1-0